| 000 | 00598nam a2200181Ia 4500 | ||
|---|---|---|---|
| 008 | 090123s9999 xx 000 0 und d | ||
| 082 |
_b3028 _a891.463/भोळे |
||
| 100 | _aभोळे ज्योत्स्ना | ||
| 245 | _aअंतरीच्या खुणा | ||
| 250 | _a1 | ||
| 260 | _bसुलभ मु. | ||
| 300 | _a134 | ||
| 600 | _aभोळे ज्योत्स्ना | ||
| 630 | _aअंतरीच्या खुणा | ||
| 700 | _aभोळे ज्योत्स्ना | ||
| 730 | _aअंतरीच्या खुणा | ||
| 942 | _cBOOK | ||
| 999 |
_c41108 _d41108 |
||